|
|
|
|
| LEADER |
00985nam a2200229 a 4500 |
| 001 |
3089104 |
| 008 |
100509s1999 ne ab b 001 0 eng d |
| 010 |
|
|
|a 98032287
|
| 020 |
|
|
|a 0792355369 (alk. paper)
|
| 040 |
|
|
|a DLC
|c DLC
|d DLC
|d BD-DhAAL
|
| 082 |
0 |
0 |
|a 363.738/74/095492
|2 21
|
| 245 |
0 |
0 |
|a Vulnerability and adaptation to climate change for Bangladesh /
|c edited by S. Huq ... [et al.].
|
| 260 |
|
|
|a Dordrecht ;
|a Boston :
|b Kluwer Academic Publishers,
|c c1999.
|
| 300 |
|
|
|a xiv, 147 p. :
|b ill., maps ;
|c 25 cm.
|
| 504 |
|
|
|a Includes bibliographical references and index.
|
| 541 |
1 |
|
|e 0020162
|
| 650 |
|
0 |
|a Climatic changes
|x Environmental aspects
|z Bangladesh.
|
| 650 |
|
0 |
|a Climatic changes
|x Risk assessment
|z Bangladesh.
|
| 700 |
1 |
|
|a Huq, Saleemul.
|
| 852 |
4 |
|
|a Ayesha Abed Library
|j General shelf
|
| 999 |
|
|
|c 8463
|d 8463
|
| 952 |
|
|
|0 0
|1 0
|2 ddc
|4 0
|6 363_738740000000000_VUL_1999
|7 0
|9 9950
|a IGS
|b IGS
|c GEN
|d 2010-05-09
|l 1
|m 3
|o 363.73874 VUL
|p 3010020162
|r 2014-06-09
|s 2012-12-31
|t 1
|w 2010-05-09
|y BK
|